000
00306nam a2200133Ia 4500
005
20251222143217.0
008
251222s9999||||xx |||||||||||||| ||spa||
020
_a
84-270-0417
082
_a
860/F83H
100
_a
Frers, Ernesto
245
0
_a
Historia de Karen
264
_b
MartÃnez Roca
942
_c
LIB
999
_c
13670
_d
13670